Central Library OPAC University of Rajshahi

Wholesaling : principles and practice (Record no. 55526)

MARC details
000 -LEADER
fixed length control field 00911nam a2200289 a 4500
001 - CONTROL NUMBER
control field 55526
003 - CONTROL NUMBER IDENTIFIER
rucl marc code BD-RjUL
005 - DATE AND TIME OF LATEST TRANSACTION
control field 20211209080258.0
008 - FIXED-LENGTH DATA ELEMENTS--GENERAL INFORMATION
fixed length control field 161119s1951 enka b 001 0 eng
035 ## - SYSTEM CONTROL NUMBER
System control number (BD-RjUL)55649
040 ## - CATALOGING SOURCE
Original cataloging agency DLC
Transcribing agency WSU
Modifying agency OCL
-- SER
-- ZCU
-- BD-RjUL
Language of cataloging eng
041 ## - LANGUAGE CODE
Language code of text/sound track or separate title eng
082 ## - DEWEY DECIMAL CLASSIFICATION NUMBER
Classification number 658.86
Author mark and year BEW 1951
Edition number 23
090 ## - LOCALLY ASSIGNED LC-TYPE CALL NUMBER (OCLC); LOCAL CALL NUMBER (OCLC)
Classification number (OCLC) (R) ; Classification number, CALL (RLIN) (NR) HF5421
Local cutter number (OCLC) ; Book number/undivided call number, CALL (RLIN) .B38 1959
100 1# - MAIN ENTRY--PERSONAL NAME
Personal name Beckman, Theodore N.,
Dates associated with a name 1895-1973.
9 (RLIN) 161117
245 10 - TITLE STATEMENT
Title Wholesaling : principles and practice
Statement of responsibility, etc. Theodore N. Beckman, Nathanael H. Engle
250 ## - EDITION STATEMENT
Edition statement Revised ed.
260 ## - PUBLICATION, DISTRIBUTION, ETC. (IMPRINT)
Place of publication, distribution, etc. New York :
Name of publisher, distributor, etc. Ronald Press Co.,
Date of publication, distribution, etc. c 1951
300 ## - PHYSICAL DESCRIPTION
Pagination xvi, 746 p. :
Illustrations ill. ;
Size 24 cm.
500 ## - GENERAL NOTE
General note Include index
650 #0 - SUBJECT ADDED ENTRY--TOPICAL TERM
Topical term or geographic name as entry element Wholesale trade.
9 (RLIN) 161118
Topical term or geographic name as entry element Wholesale trade
Geographic subdivision United States.
9 (RLIN) 161119
700 ## - ADDED ENTRY--PERSONAL NAME
Personal name Engle , Nathanael H.
Personal name Buzzell, Robert D.
942 ## - ADDED ENTRY ELEMENTS (KOHA)
Source of classification or shelving scheme Dewey Decimal Classification
Koha item type Books
Holdings
Lost status Source of classification or shelving scheme Damaged status Not for loan Collection code Permanent Location Current Location Shelving location Date acquired Source of acquisition Total Checkouts Full call number Date last seen Copy number Koha item type
  Dewey Decimal Classification     Non-fiction Central Library, University of Rajshahi Central Library, University of Rajshahi   05/11/1963 Asia foundation   658.86 BEW 1951 19/11/2016 C-2 Books
  Dewey Decimal Classification   Not For Loan Non-fiction Central Library, University of Rajshahi Central Library, University of Rajshahi Reading Room 12/12/2019     658.86 BEW 1951 12/12/2019 C-1 Books